| 000 | 00835nam a22002297a 4500 | ||
|---|---|---|---|
| 005 | 2009111306196.0 | ||
| 008 | 091113t xxu||||| |||| 00| 0 eng d | ||
| 010 | _aENG-95489 | ||
| 020 |
_a8124100543 _c595.00 |
||
| 035 | _aEN-79022 | ||
| 037 | _bDBAD/PUB | ||
| 040 | _aDPL | ||
| 082 | _a510.24658 | ||
| 100 | _aPrasad, Bindra | ||
| 245 |
_aFundamentals of business mathematics / _c by Bindra Prasad and P.K. Mittal |
||
| 260 |
_aNew Delhi _bHar-Anand Publicctions Pvt. Ltd. _c2010 |
||
| 270 |
_aE-49/3,Okhla Industrial Area, Phase - II _bNew Delhi _e110020 |
||
| 300 |
_a677p.; _c22 cm.(Pbk) |
||
| 700 | _aMittal, P.K. | ||
| 942 |
_2ddc _cEN _mPRA _h510.24658 |
||
| 999 |
_c31917 _d31917 |
||